| 000 | 01008nam a2200205 a 4500 | ||
|---|---|---|---|
| 001 | 45392 | ||
| 005 | 20180714024554.0 | ||
| 008 | 140415s2000 sp 000 0 spa d | ||
| 020 | _a8466001114 | ||
| 041 | _aspa | ||
| 082 |
_a782.42163 _bCAL |
||
| 100 | 1 | _aCALLES VALES, JOSÉ | |
| 245 | 1 | 0 | _aCANCIONERO POPULAR |
| 250 | _a1a ed. | ||
| 260 |
_aESPAÑA : _bLIBSA, _c2000 |
||
| 300 |
_a388 _c17.4 x 3 x 24.7 |
||
| 490 | _aSECCION DE OBRAS DE SOCIOLOGIA | ||
| 520 | _aESTA OBRA DE JOSÉ CALLES VALES CONTIENE UNA ESMERADA SELECCIÓN DE LAS CANCIONES POPULARES MÁS CONOCIDAS. LOS ROMANCES HABLAN CON LA ANTIGUA VOZ DE CABALLEROS Y PRINCESAS. LAS COPLAS HACEN REQUIEBROS AL AMOR Y SALPICAN DE GRACIA LOS ENCUENTROS ENTRE AMANTES. EL PASTOR Y EL LABRIEGO CANTAN TAMBIEN EN ESTAS PÁGINAS Y CELEBRAN LA FIESTA AL RITMO DEL TAMBORIL Y LA DULZAINA. Y LOS NIÑOS FORMAN ALGARABÍA EN LOS PATIOS ENTRE BRINCOS Y RISAS ; O ACUDEN EN NAVIDAD, PUERTA TRAS PUERTA, A PEDIR | ||
| 650 | 1 | 4 | _aCANCIONES |
| 999 |
_c45392 _d45392 |
||